Statistics for List all the Turkic Languages

Click here to take the quiz!

General Stats

  • This quiz has been taken 536 times
  • The average score is 13 of 28

Answer Stats

Native SpeakersLanguage% Correct
75.7 millionTurkish
99%
27 millionUzbek
95%
14 millionKazakh
94%
6.7 millionTurkmen
94%
23 millionAzerbaijani
90%
5 millionKyrgyz
89%
5.5 millionTatar
81%
11 millionUyghur
76%
1.5 millionBashkir
54%
400kYakut
53%
1.04 millionChuvash
52%
600kCrimean Tatar
51%
300kTuvan
46%
140kGagauz
45%
650kKarakalpak
38%
60kAltai
37%
100kNogai
34%
949kQashqai
34%
50kKhakas
30%
450kKumyk
28%
400kKarachay-Balkar
24%
100kSiberian Tatar
16%
1kDolgan
15%
19kKhalaj
15%
3kShor
14%
886kKhorasani Turkic
12%
6kAynu
9%
5kWestern Yugur
7%

Score Distribution

Percentile by Number Answered

Percent of People with Each Score

Your Score History

You have not taken this quiz